Pharmaceutics : (Record no. 13367)
[ view plain ]
| 000 -LEADER | |
|---|---|
| fixed length control field | 00757cam a22002538a 4500 |
| 003 - CONTROL NUMBER IDENTIFIER | |
| control field | OSt |
| 005 - DATE AND TIME OF LATEST TRANSACTION | |
| control field | 20140310182431.0 |
| 008 - FIXED-LENGTH DATA ELEMENTS--GENERAL INFORMATION | |
| fixed length control field | 060710s2007 stk b 001 0 eng |
| 020 ## - INTERNATIONAL STANDARD BOOK NUMBER | |
| International Standard Book Number | 9789812728340 |
| 020 ## - INTERNATIONAL STANDARD BOOK NUMBER | |
| International Standard Book Number | 9812728341 |
| 050 00 - LIBRARY OF CONGRESS CALL NUMBER | |
| Classification number | RS 200 |
| Item number | .Au924 2010 |
| 245 00 - TITLE STATEMENT | |
| Title | Pharmaceutics : |
| Remainder of title | the design and manufacture of medicines / |
| Statement of responsibility, etc | edited by; Michael E. Aulton. |
| 250 ## - EDITION STATEMENT | |
| Edition statement | 3rd ed. |
| 260 ## - PUBLICATION, DISTRIBUTION, ETC. (IMPRINT) | |
| Place of publication, distribution, etc | Edinburgh ; |
| -- | New York : |
| Name of publisher, distributor, etc | Churchill Livingstone, |
| Date of publication, distribution, etc | c2007. |
| 300 ## - PHYSICAL DESCRIPTION | |
| Extent | p. ; |
| Dimensions | cm. |
| 650 #0 - SUBJECT ADDED ENTRY--TOPICAL TERM | |
| Topical term or geographic name as entry element | Drugs |
| General subdivision | Dosage forms. |
| 9 (RLIN) | 8469 |
| 650 #0 - SUBJECT ADDED ENTRY--TOPICAL TERM | |
| Topical term or geographic name as entry element | Drugs |
| General subdivision | Design. |
| 9 (RLIN) | 8470 |
| 650 12 - SUBJECT ADDED ENTRY--TOPICAL TERM | |
| Topical term or geographic name as entry element | Dosage Forms. |
| 9 (RLIN) | 7811 |
| 650 22 - SUBJECT ADDED ENTRY--TOPICAL TERM | |
| Topical term or geographic name as entry element | Biopharmaceutics. |
| 9 (RLIN) | 7296 |
| 650 22 - SUBJECT ADDED ENTRY--TOPICAL TERM | |
| Topical term or geographic name as entry element | Drug Design. |
| 9 (RLIN) | 8471 |
| 700 1# - ADDED ENTRY--PERSONAL NAME | |
| Personal name | Aulton, Michael E. |
| 9 (RLIN) | 8472 |
| 942 ## - ADDED ENTRY ELEMENTS (KOHA) | |
| Source of classification or shelving scheme | Library of Congress Classification |
| Koha item type | |
| Withdrawn status | Lost status | Source of classification or shelving scheme | Damaged status | Home library | Current library | Shelving location | Date acquired | Total Checkouts | Full call number | Barcode | Date last seen | Copy number | Price effective from | Koha item type |
|---|---|---|---|---|---|---|---|---|---|---|---|---|---|---|
| Library of Congress Classification | South SEED-LPDH College Library | South SEED-LPDH College Library | South SEED-LPDH College Section | 06/28/2012 | RS 200 .Au924 2010 | SSLC0531 | 04/20/2017 | 1 | 11/06/2013 | Books |